Statistics for Famous People Named Mark

Click here to take the quiz!

General Stats

  • This quiz has been taken 223 times
    (115 since last reset)
  • The average score is 10 of 20

Answer Stats

HintAnswer% Correct
CEO of Facebook and MetaMark Zuckerberg
96%
He wrote "The Adventures of Tom Sawyer"Mark Twain
85%
Venetian who traveled to ChinaMarco Polo
80%
Funky Bunch singer, underwear model, and "Transformers" actorMark Wahlberg
75%
Actor who used the forceMark Hamill
69%
He has portrayed Hulk in "The Avengers"Mark Ruffalo
67%
Friends, Romans, countrymen, lend him your earsMark Antony
64%
Roman emperor who was also a stoic philosopherMarcus Aurelius
57%
Record producer who made "Uptown Funk", "Rehab" and "Shallow"Mark Ronson
57%
Top American swimmer before Michael PhelpsMark Spitz
48%
Dallas Mavericks ownerMark Cuban
44%
Shot John Lennon four times from the backMark David Chapman
41%
The senior senator from Florida who ran for president in 2016Marco Rubio
30%
Captain of Borussia DortmundMarco Reus
28%
Lead singer of T. RexMarc Bolan
27%
He has been the prime minister of the Netherlands since 2010Mark Rutte
27%
Former New York Jets quarterbackMark Sanchez
24%
Leading actor of the TV show "NCIC"Mark Harmon
23%
Received an Oscar for his role as a Soviet agent in "Bridge of Spies"Mark Rylance
14%
Creator of "Minecraft"Markus Persson
8%

Score Distribution

Percentile by Number Answered

Percent of People with Each Score

Your Score History

You have not taken this quiz since the last reset